[Event "Campeonato de España Rapid 2017"]
[Site "Linares"]
[Date "2017.08.13"]
[Round "7"]
[White "Vinuela Diaz, Saul"]
[Black "Rubio Mejia, Luis Ignacio"]
[Result "1/2-1/2"]
[Board "19"]
[WhiteElo "2216"]
[WhiteCountry "ESP"]
[WhiteFideId "2239639"]
[WhiteEloChange "6"]
[BlackTitle "IM"]
[BlackElo "2437"]
[BlackCountry "ESP"]
[BlackFideId "2281228"]
[BlackEloChange "-3"]

1. d4 {[%clk 0:15:09]} Nf6 {[%clk 0:15:09]} 2. c4 {[%clk 0:15:13]} e6 {[%clk
0:15:12]} 3. g3 {[%clk 0:15:17]} d5 {[%clk 0:15:12]} 4. Nf3 {[%clk 0:15:20]} Bb4+
{[%clk 0:15:16]} 5. Bd2 {[%clk 0:15:24]} Bd6 {[%clk 0:15:19]} 6. Bg2 {[%clk
0:15:19]} c6 {[%clk 0:15:22]} 7. Qc2 {[%clk 0:15:19]} O-O {[%clk 0:15:15]} 8. O-O
{[%clk 0:15:21]} Nbd7 {[%clk 0:15:15]} 9. Bg5 {[%clk 0:15:17]} h6 {[%clk
0:15:17]} 10. Bxf6 {[%clk 0:15:19]} Nxf6 {[%clk 0:15:20]} 11. Nbd2 {[%clk
0:15:22]} b6 {[%clk 0:15:14]} 12. e4 {[%clk 0:15:17]} Be7 {[%clk 0:15:17]} 13.
Rfd1 {[%clk 0:15:13]} Bb7 {[%clk 0:14:15]} 14. Rac1 {[%clk 0:15:10]} Nd7 {[%clk
0:11:00]} 15. cxd5 {[%clk 0:13:55]} cxd5 {[%clk 0:11:03]} 16. Qc7 {[%clk
0:13:49]} Rb8 {[%clk 0:09:57]} 17. Ne5 {[%clk 0:12:59]} Nf6 {[%clk 0:07:58]} 18.
Qxd8 {[%clk 0:12:37]} Rfxd8 {[%clk 0:07:36]} 19. Nc6 {[%clk 0:10:36]} Bxc6 {[%clk
0:07:38]} 20. Rxc6 {[%clk 0:10:39]} dxe4 {[%clk 0:07:28]} 21. Nxe4 {[%clk
0:10:38]} Rbc8 {[%clk 0:04:38]} 22. Rxc8 {[%clk 0:10:39]} Rxc8 {[%clk 0:04:42]}
23. Nc3 {[%clk 0:10:43]} Bb4 {[%clk 0:03:43]} 24. Rd3 {[%clk 0:09:48]} Kf8 {[%clk
0:03:28]} 25. Kf1 {[%clk 0:09:50]} Ke7 {[%clk 0:03:13]} 26. Ke2 {[%clk 0:09:34]}
h5 {[%clk 0:02:52]} 27. h4 {[%clk 0:08:25]} Rd8 {[%clk 0:02:25]} 28. Nb5 {[%clk
0:07:53]} Rc8 {[%clk 0:01:24]} 1/2-1/2

[Event "Campeonato de España Rapid 2017"]
[Site "Linares"]
[Date "2017.08.13"]
[Round "7"]
[White "Espinosa Aranda, Angel"]
[Black "Podvin, Francois-xavier"]
[Result "0-1"]
[Board "20"]
[WhiteTitle "IM"]
[WhiteElo "2425"]
[WhiteCountry "ESP"]
[WhiteFideId "2278189"]
[WhiteEloChange "-8"]
[BlackElo "2194"]
[BlackCountry "FRA"]
[BlackFideId "677540"]
[BlackEloChange "16"]

1. e4 {[%clk 0:15:08]} c5 {[%clk 0:15:09]} 2. Nf3 {[%clk 0:15:11]} Nc6 {[%clk
0:15:13]} 3. d4 {[%clk 0:15:10]} cxd4 {[%clk 0:15:16]} 4. Nxd4 {[%clk 0:15:14]}
g6 {[%clk 0:15:20]} 5. c4 {[%clk 0:15:14]} Nf6 {[%clk 0:15:24]} 6. Nc3 {[%clk
0:15:17]} Nxd4 {[%clk 0:15:27]} 7. Qxd4 {[%clk 0:15:21]} d6 {[%clk 0:15:31]} 8.
Be2 {[%clk 0:15:23]} Bg7 {[%clk 0:15:34]} 9. Be3 {[%clk 0:15:27]} O-O {[%clk
0:15:25]} 10. Qd2 {[%clk 0:15:30]} Be6 {[%clk 0:15:15]} 11. O-O {[%clk 0:15:32]}
Qa5 {[%clk 0:15:11]} 12. Rac1 {[%clk 0:15:35]} Rfc8 {[%clk 0:15:14]} 13. b3
{[%clk 0:15:38]} a6 {[%clk 0:15:17]} 14. Bf3 {[%clk 0:15:42]} Rab8 {[%clk
0:14:36]} 15. Ba7 {[%clk 0:15:45]} Ra8 {[%clk 0:14:35]} 16. Bd4 {[%clk 0:15:48]}
Rab8 {[%clk 0:14:23]} 17. Rfe1 {[%clk 0:15:52]} Nd7 {[%clk 0:14:15]} 18. Bxg7
{[%clk 0:13:13]} Kxg7 {[%clk 0:14:18]} 19. Qb2 {[%clk 0:13:17]} Qe5 {[%clk
0:12:52]} 20. Be2 {[%clk 0:12:51]} b5 {[%clk 0:12:51]} 21. cxb5 {[%clk 0:09:26]}
axb5 {[%clk 0:12:54]} 22. Qd2 {[%clk 0:09:30]} b4 {[%clk 0:12:17]} 23. Nd5 {[%clk
0:09:29]} Rxc1 {[%clk 0:12:07]} 24. Qxc1 {[%clk 0:09:18]} Bxd5 {[%clk 0:09:47]}
25. exd5 {[%clk 0:09:21]} Nc5 {[%clk 0:08:28]} 26. Bc4 {[%clk 0:08:34]} Qf6
{[%clk 0:08:22]} 27. Qd2 {[%clk 0:08:34]} Ra8 {[%clk 0:08:15]} 28. g3 {[%clk
0:08:26]} h5 {[%clk 0:07:34]} 29. h4 {[%clk 0:08:16]} Nd7 {[%clk 0:06:53]} 30. f4
{[%clk 0:08:00]} Nc5 {[%clk 0:06:53]} 31. Kg2 {[%clk 0:07:55]} Nd7 {[%clk
0:06:13]} 32. Rf1 {[%clk 0:06:11]} Qf5 {[%clk 0:06:04]} 33. Re1 {[%clk 0:04:28]}
Qf6 {[%clk 0:05:53]} 34. Qe2 {[%clk 0:04:11]} Nb6 {[%clk 0:05:39]} 35. Rc1 {[%clk
0:03:27]} Qd4 {[%clk 0:05:11]} 36. Rd1 {[%clk 0:03:22]} Qc3 {[%clk 0:04:56]} 37.
f5 {[%clk 0:03:10]} Nxc4 {[%clk 0:04:42]} 38. bxc4 {[%clk 0:02:21]} Ra3 {[%clk
0:04:45]} 39. Qf2 {[%clk 0:02:13]} Qxc4 {[%clk 0:04:41]} 40. Rd2 {[%clk 0:02:07]}
Qe4+ {[%clk 0:04:39]} 41. Kh2 {[%clk 0:02:04]} Re3 {[%clk 0:03:12]} 42. fxg6
{[%clk 0:01:52]} fxg6 {[%clk 0:03:09]} 43. Rb2 {[%clk 0:01:30]} Re1 {[%clk
0:03:00]} 44. Qg2 {[%clk 0:01:35]} Qd4 {[%clk 0:02:46]} 45. Rd2 {[%clk 0:01:16]}
Qe5 {[%clk 0:02:46]} 46. Rb2 {[%clk 0:01:07]} g5 {[%clk 0:02:32]} 47. hxg5 {[%clk
0:00:37]} h4 {[%clk 0:02:34]} 48. Kh3 {[%clk 0:00:30]} Rh1+ {[%clk 0:01:47]} 49.
Kg4 {[%clk 0:00:23]} Qd4+ {[%clk 0:01:49]} 50. Kf5 {[%clk 0:00:14]} Rg1 {[%clk
0:01:39]} 51. Qf2 {[%clk 0:00:13]} Qe5+ {[%clk 0:01:43]} 52. Kg4 {[%clk 0:00:16]}
Rxg3+ {[%clk 0:01:42]} 0-1

[Event "Campeonato de España Rapid 2017"]
[Site "Linares"]
[Date "2017.08.13"]
[Round "7"]
[White "Teran Alvarez, Ismael"]
[Black "Lopez Mulet, Inigo"]
[Result "1-0"]
[Board "22"]
[WhiteTitle "IM"]
[WhiteElo "2397"]
[WhiteCountry "ESP"]
[WhiteFideId "2204177"]
[WhiteEloChange "5"]
[BlackTitle "FM"]
[BlackElo "2186"]
[BlackCountry "ESP"]
[BlackFideId "22235620"]
[BlackEloChange "-5"]

1. c4 {[%clk 0:15:00]} e5 {[%clk 0:15:07]} 2. g3 {[%clk 0:15:03]} Nf6 {[%clk
0:15:10]} 3. Bg2 {[%clk 0:15:06]} h6 {[%clk 0:15:13]} 4. a3 {[%clk 0:15:06]} c6
{[%clk 0:14:36]} 5. d4 {[%clk 0:15:08]} exd4 {[%clk 0:14:34]} 6. Qxd4 {[%clk
0:15:11]} d5 {[%clk 0:14:37]} 7. Nf3 {[%clk 0:14:51]} Be7 {[%clk 0:14:25]} 8. O-O
{[%clk 0:14:46]} O-O {[%clk 0:14:20]} 9. cxd5 {[%clk 0:14:47]} cxd5 {[%clk
0:14:19]} 10. Nc3 {[%clk 0:14:50]} Nc6 {[%clk 0:14:21]} 11. Qd3 {[%clk 0:14:53]}
Be6 {[%clk 0:14:05]} 12. Bf4 {[%clk 0:14:44]} Rc8 {[%clk 0:13:54]} 13. Rfd1
{[%clk 0:14:15]} Qb6 {[%clk 0:13:53]} 14. Be3 {[%clk 0:13:10]} Qd8 {[%clk
0:13:34]} 15. Nb5 {[%clk 0:13:05]} Ne4 {[%clk 0:12:30]} 16. Rac1 {[%clk 0:11:43]}
Bf6 {[%clk 0:11:59]} 17. Nbd4 {[%clk 0:10:23]} Qe7 {[%clk 0:09:28]} 18. Nxc6
{[%clk 0:07:20]} bxc6 {[%clk 0:09:14]} 19. Nd4 {[%clk 0:06:27]} Bd7 {[%clk
0:08:47]} 20. b4 {[%clk 0:05:16]} Nd6 {[%clk 0:08:05]} 21. Bf4 {[%clk 0:03:49]}
Nc4 {[%clk 0:07:24]} 22. Nf5 {[%clk 0:03:43]} Bxf5 {[%clk 0:06:53]} 23. Qxf5
{[%clk 0:03:44]} Qxe2 {[%clk 0:06:30]} 24. Re1 {[%clk 0:03:05]} Qb2 {[%clk
0:06:27]} 25. Rb1 {[%clk 0:01:48]} Qc3 {[%clk 0:05:33]} 26. Rbc1 {[%clk 0:01:46]}
Qxa3 {[%clk 0:05:11]} 27. Rxc4 {[%clk 0:01:42]} dxc4 {[%clk 0:04:55]} 28. Be4
{[%clk 0:01:44]} Rfd8 {[%clk 0:04:26]} 29. Qh7+ {[%clk 0:01:32]} Kf8 {[%clk
0:04:30]} 30. Bf5 {[%clk 0:01:11]} g5 {[%clk 0:04:14]} 31. Qxh6+ {[%clk 0:00:31]}
Bg7 {[%clk 0:04:19]} 32. Bd6+ {[%clk 0:00:33]} Rxd6 {[%clk 0:04:15]} 33. Qxd6+
{[%clk 0:00:36]} Kg8 {[%clk 0:04:15]} 34. Bxc8 {[%clk 0:00:40]} Qf3 {[%clk
0:04:11]} 35. Re3 {[%clk 0:00:29]} Qh5 {[%clk 0:04:06]} 36. Re8+ {[%clk 0:00:31]}
Kh7 {[%clk 0:04:09]} 37. Bf5+ {[%clk 0:00:31]} 1-0

[Event "Campeonato de España Rapid 2017"]
[Site "Linares"]
[Date "2017.08.13"]
[Round "7"]
[White "Veganzones Rojo, David"]
[Black "Ladron De Guevara Pinto, Paolo"]
[Result "0-1"]
[Board "23"]
[WhiteElo "2121"]
[WhiteCountry "ESP"]
[WhiteFideId "2223767"]
[WhiteEloChange "-4"]
[BlackTitle "FM"]
[BlackElo "2368"]
[BlackCountry "ESP"]
[BlackFideId "2290847"]
[BlackEloChange "4"]

1. e4 {[%clk 0:15:07]} e5 {[%clk 0:15:09]} 2. Nf3 {[%clk 0:15:11]} Nc6 {[%clk
0:15:13]} 3. Bc4 {[%clk 0:15:14]} Nf6 {[%clk 0:15:15]} 4. d3 {[%clk 0:15:17]} h6
{[%clk 0:15:18]} 5. O-O {[%clk 0:15:17]} d6 {[%clk 0:15:22]} 6. c3 {[%clk
0:15:20]} g6 {[%clk 0:15:25]} 7. d4 {[%clk 0:15:18]} Qe7 {[%clk 0:15:21]} 8. Re1
{[%clk 0:15:16]} Bg7 {[%clk 0:15:23]} 9. Nbd2 {[%clk 0:14:44]} O-O {[%clk
0:15:22]} 10. h3 {[%clk 0:14:44]} Kh7 {[%clk 0:14:40]} 11. Bb3 {[%clk 0:14:34]}
a5 {[%clk 0:13:28]} 12. a4 {[%clk 0:14:32]} Nb8 {[%clk 0:13:31]} 13. Nc4 {[%clk
0:13:38]} Nbd7 {[%clk 0:13:27]} 14. Bd2 {[%clk 0:13:09]} exd4 {[%clk 0:13:16]}
15. Nxd4 {[%clk 0:13:08]} Nc5 {[%clk 0:12:49]} 16. Bc2 {[%clk 0:13:11]} Ne6
{[%clk 0:11:54]} 17. Nf3 {[%clk 0:12:46]} Nd7 {[%clk 0:11:43]} 18. Ne3 {[%clk
0:11:46]} c6 {[%clk 0:11:34]} 19. Nc4 {[%clk 0:11:16]} Rd8 {[%clk 0:09:08]} 20.
Be3 {[%clk 0:10:52]} d5 {[%clk 0:08:55]} 21. exd5 {[%clk 0:10:50]} cxd5 {[%clk
0:08:58]} 22. Nb6 {[%clk 0:10:45]} Nxb6 {[%clk 0:08:45]} 23. Bxb6 {[%clk
0:10:48]} Rd7 {[%clk 0:08:44]} 24. Nd4 {[%clk 0:06:15]} Qd6 {[%clk 0:07:45]} 25.
Nxe6 {[%clk 0:06:16]} Qxb6 {[%clk 0:07:48]} 26. Nxg7 {[%clk 0:06:10]} Kxg7 {[%clk
0:07:51]} 27. Qe2 {[%clk 0:05:21]} Rd8 {[%clk 0:05:37]} 28. Rad1 {[%clk 0:05:04]}
Qf6 {[%clk 0:05:34]} 29. Rd4 {[%clk 0:04:38]} Be6 {[%clk 0:05:19]} 30. Qb5 {[%clk
0:04:26]} Bd7 {[%clk 0:03:07]} 31. Qc5 {[%clk 0:03:21]} b6 {[%clk 0:03:04]} 32.
Qe7 {[%clk 0:03:13]} Be6 {[%clk 0:02:47]} 33. Qc7 {[%clk 0:02:49]} Rab8 {[%clk
0:01:17]} 34. Rf4 {[%clk 0:02:34]} Rbc8 {[%clk 0:01:12]} 35. Qxc8 {[%clk
0:00:51]} Rxc8 {[%clk 0:01:16]} 36. Rxf6 {[%clk 0:00:54]} Kxf6 {[%clk 0:01:19]}
37. Rd1 {[%clk 0:00:54]} g5 {[%clk 0:01:14]} 38. f3 {[%clk 0:00:49]} Ke5 {[%clk
0:01:17]} 39. Kf2 {[%clk 0:00:50]} Kd6 {[%clk 0:01:15]} 40. Ke3 {[%clk 0:00:51]}
Kc5 {[%clk 0:01:07]} 41. Rd4 {[%clk 0:00:49]} Re8 {[%clk 0:01:08]} 42. Kf2 {[%clk
0:00:47]} Rb8 {[%clk 0:00:57]} 43. Bd3 {[%clk 0:00:44]} Bd7 {[%clk 0:00:52]} 44.
h4 {[%clk 0:00:44]} Be6 {[%clk 0:00:39]} 45. hxg5 {[%clk 0:00:44]} hxg5 {[%clk
0:00:43]} 46. Kg3 {[%clk 0:00:48]} Rh8 {[%clk 0:00:47]} 47. f4 {[%clk 0:00:34]}
gxf4+ {[%clk 0:00:50]} 48. Rxf4 {[%clk 0:00:37]} Rh1 {[%clk 0:00:53]} 49. b4+
{[%clk 0:00:41]} Kd6 {[%clk 0:00:58]} 50. bxa5 {[%clk 0:00:18]} bxa5 {[%clk
0:01:02]} 51. c4 {[%clk 0:00:22]} Ra1 {[%clk 0:00:51]} 52. cxd5 {[%clk 0:00:23]}
Bxd5 {[%clk 0:00:53]} 53. Bb5 {[%clk 0:00:12]} Ra2 {[%clk 0:00:51]} 54. Rf2
{[%clk 0:00:16]} Rxf2 {[%clk 0:00:30]} 55. Kxf2 {[%clk 0:00:20]} Kc5 {[%clk
0:00:28]} 56. g3 {[%clk 0:00:16]} Kb4 {[%clk 0:00:32]} 57. Ke3 {[%clk 0:00:16]}
Bb3 {[%clk 0:00:36]} 58. Be8 {[%clk 0:00:19]} f6 {[%clk 0:00:40]} 59. Kf4 {[%clk
0:00:09]} Bxa4 {[%clk 0:00:44]} 60. Bf7 {[%clk 0:00:12]} Bb3 {[%clk 0:00:47]} 61.
Bg6 {[%clk 0:00:12]} a4 {[%clk 0:00:44]} 62. g4 {[%clk 0:00:14]} a3 {[%clk
0:00:47]} 63. Bb1 {[%clk 0:00:17]} Be6 {[%clk 0:00:46]} 64. g5 {[%clk 0:00:19]}
fxg5+ {[%clk 0:00:50]} 65. Kxg5 {[%clk 0:00:24]} Kc3 {[%clk 0:00:54]} 0-1

[Event "Campeonato de España Rapid 2017"]
[Site "Linares"]
[Date "2017.08.13"]
[Round "7"]
[White "Montoliu Cervero, Francisco"]
[Black "Bernabeu Lopez, Carlos Javier"]
[Result "1-0"]
[Board "24"]
[WhiteTitle "FM"]
[WhiteElo "2358"]
[WhiteCountry "ESP"]
[WhiteFideId "2214814"]
[WhiteEloChange "4"]
[BlackTitle "FM"]
[BlackElo "2097"]
[BlackCountry "ESP"]
[BlackFideId "2235366"]
[BlackEloChange "-4"]

1. e4 {[%clk 0:15:08]} e5 {[%clk 0:15:07]} 2. Nf3 {[%clk 0:15:11]} Nf6 {[%clk
0:15:11]} 3. d4 {[%clk 0:15:14]} Nxe4 {[%clk 0:15:09]} 4. dxe5 {[%clk 0:15:17]}
Nc6 {[%clk 0:15:00]} 5. Qd5 {[%clk 0:14:14]} Nc5 {[%clk 0:15:03]} 6. Bc4 {[%clk
0:14:06]} Ne6 {[%clk 0:15:06]} 7. O-O {[%clk 0:13:37]} Be7 {[%clk 0:14:49]} 8.
Nc3 {[%clk 0:13:33]} O-O {[%clk 0:14:50]} 9. Qe4 {[%clk 0:13:05]} d6 {[%clk
0:13:57]} 10. Rd1 {[%clk 0:12:14]} Nc5 {[%clk 0:13:47]} 11. Qf4 {[%clk 0:11:04]}
Be6 {[%clk 0:13:39]} 12. Be3 {[%clk 0:10:30]} Nd7 {[%clk 0:11:25]} 13. Bxe6
{[%clk 0:09:34]} fxe6 {[%clk 0:11:28]} 14. Qg4 {[%clk 0:09:35]} Ndxe5 {[%clk
0:10:37]} 15. Qxe6+ {[%clk 0:09:37]} Rf7 {[%clk 0:10:26]} 16. Nxe5 {[%clk
0:09:20]} Nxe5 {[%clk 0:10:29]} 17. Nd5 {[%clk 0:08:18]} Bf8 {[%clk 0:09:00]} 18.
Bd4 {[%clk 0:07:11]} Nc6 {[%clk 0:08:02]} 19. Bc3 {[%clk 0:07:08]} Ne7 {[%clk
0:07:48]} 20. Re1 {[%clk 0:06:05]} Nxd5 {[%clk 0:07:30]} 21. Qxd5 {[%clk
0:06:08]} c6 {[%clk 0:07:34]} 22. Qe6 {[%clk 0:05:58]} Qb6 {[%clk 0:06:47]} 23.
Re3 {[%clk 0:05:43]} Qc7 {[%clk 0:05:56]} 24. Rae1 {[%clk 0:05:37]} Qd7 {[%clk
0:05:59]} 25. Qxd7 {[%clk 0:05:06]} Rxd7 {[%clk 0:06:03]} 26. Re8 {[%clk
0:05:09]} Rdd8 {[%clk 0:05:57]} 27. R8e7 {[%clk 0:04:18]} Rab8 {[%clk 0:05:24]}
28. Rc7 {[%clk 0:03:54]} d5 {[%clk 0:05:23]} 29. Bd4 {[%clk 0:03:30]} a6 {[%clk
0:04:05]} 30. Ba7 {[%clk 0:03:02]} Re8 {[%clk 0:04:09]} 31. Rc1 {[%clk 0:02:53]}
Rbc8 {[%clk 0:03:40]} 32. Rxb7 {[%clk 0:02:56]} Re7 {[%clk 0:03:35]} 33. Rxe7
{[%clk 0:02:50]} Bxe7 {[%clk 0:03:39]} 34. c4 {[%clk 0:02:28]} dxc4 {[%clk
0:02:44]} 35. Rxc4 {[%clk 0:02:31]} c5 {[%clk 0:02:38]} 36. b3 {[%clk 0:01:43]}
Rd8 {[%clk 0:02:22]} 37. g3 {[%clk 0:01:46]} Rd2 {[%clk 0:02:18]} 38. Ra4 {[%clk
0:01:29]} Rd6 {[%clk 0:02:17]} 39. Kg2 {[%clk 0:01:29]} Rc6 {[%clk 0:02:20]} 40.
Bb8 {[%clk 0:01:24]} Kf7 {[%clk 0:02:21]} 41. Kf3 {[%clk 0:01:23]} Ke6 {[%clk
0:02:10]} 42. Ke4 {[%clk 0:01:18]} h5 {[%clk 0:02:06]} 43. f4 {[%clk 0:01:15]} g6
{[%clk 0:02:11]} 44. Be5 {[%clk 0:01:17]} Bd8 {[%clk 0:01:59]} 45. h3 {[%clk
0:01:18]} Be7 {[%clk 0:01:02]} 46. g4 {[%clk 0:01:20]} Rb6 {[%clk 0:01:05]} 47.
f5+ {[%clk 0:01:17]} Kf7 {[%clk 0:01:09]} 48. Kd5 {[%clk 0:01:15]} hxg4 {[%clk
0:01:05]} 49. hxg4 {[%clk 0:01:19]} gxf5 {[%clk 0:00:57]} 50. gxf5 {[%clk
0:01:22]} Rh6 {[%clk 0:01:08]} 51. f6 {[%clk 0:01:03]} Bxf6 {[%clk 0:00:53]} 52.
Rf4 {[%clk 0:01:04]} 1-0

[Event "Campeonato de España Rapid 2017"]
[Site "Linares"]
[Date "2017.08.13"]
[Round "7"]
[White "Nieves Cabanes, Jose Manuel"]
[Black "Perez Manas, Benjamin"]
[Result "0-1"]
[Board "25"]
[WhiteTitle "FM"]
[WhiteElo "2011"]
[WhiteCountry "ESP"]
[WhiteFideId "22245715"]
[WhiteEloChange "-3"]
[BlackTitle "FM"]
[BlackElo "2331"]
[BlackCountry "ESP"]
[BlackFideId "22200169"]
[BlackEloChange "3"]

1. Nf3 {[%clk 0:15:08]} f5 {[%clk 0:15:08]} 2. d4 {[%clk 0:15:08]} Nf6 {[%clk
0:15:11]} 3. c4 {[%clk 0:15:11]} g6 {[%clk 0:15:15]} 4. Nc3 {[%clk 0:15:14]} Bg7
{[%clk 0:15:19]} 5. g3 {[%clk 0:15:06]} d6 {[%clk 0:15:23]} 6. Bg2 {[%clk
0:15:09]} O-O {[%clk 0:15:25]} 7. O-O {[%clk 0:15:11]} c6 {[%clk 0:15:29]} 8. Qc2
{[%clk 0:14:46]} Qa5 {[%clk 0:14:52]} 9. e4 {[%clk 0:14:28]} fxe4 {[%clk
0:14:15]} 10. Nxe4 {[%clk 0:14:27]} Bf5 {[%clk 0:14:16]} 11. Nxf6+ {[%clk
0:14:18]} exf6 {[%clk 0:14:19]} 12. Qd2 {[%clk 0:14:10]} Qxd2 {[%clk 0:13:29]}
13. Bxd2 {[%clk 0:14:12]} Bd3 {[%clk 0:13:12]} 14. Rfc1 {[%clk 0:14:15]} Be4
{[%clk 0:13:14]} 15. Bf4 {[%clk 0:12:57]} d5 {[%clk 0:12:53]} 16. c5 {[%clk
0:12:11]} Nd7 {[%clk 0:12:56]} 17. Nd2 {[%clk 0:11:22]} Bxg2 {[%clk 0:12:55]} 18.
Kxg2 {[%clk 0:11:26]} f5 {[%clk 0:12:58]} 19. Nb3 {[%clk 0:10:52]} Rfe8 {[%clk
0:12:50]} 20. Re1 {[%clk 0:10:55]} Kf7 {[%clk 0:12:35]} 21. f3 {[%clk 0:10:35]}
Rxe1 {[%clk 0:12:18]} 22. Rxe1 {[%clk 0:10:39]} Re8 {[%clk 0:12:04]} 23. Kf2
{[%clk 0:09:49]} Rxe1 {[%clk 0:11:56]} 24. Kxe1 {[%clk 0:09:53]} b6 {[%clk
0:11:59]} 25. cxb6 {[%clk 0:09:25]} axb6 {[%clk 0:11:56]} 26. Ke2 {[%clk
0:08:00]} Nf8 {[%clk 0:11:42]} 27. Be5 {[%clk 0:07:01]} Bxe5 {[%clk 0:11:26]} 28.
dxe5 {[%clk 0:07:04]} Ne6 {[%clk 0:11:29]} 29. f4 {[%clk 0:07:03]} Ke7 {[%clk
0:11:31]} 30. a4 {[%clk 0:06:35]} Kd7 {[%clk 0:11:28]} 31. a5 {[%clk 0:06:18]} b5
{[%clk 0:11:29]} 32. Na1 {[%clk 0:04:36]} b4 {[%clk 0:11:05]} 33. Nc2 {[%clk
0:04:25]} c5 {[%clk 0:11:08]} 34. h3 {[%clk 0:04:10]} Kc6 {[%clk 0:10:56]} 35.
Ne3 {[%clk 0:04:07]} c4 {[%clk 0:10:16]} 36. a6 {[%clk 0:03:37]} Nc7 {[%clk
0:09:59]} 37. g4 {[%clk 0:03:03]} fxg4 {[%clk 0:09:55]} 38. hxg4 {[%clk 0:03:05]}
Nxa6 {[%clk 0:09:53]} 39. f5 {[%clk 0:03:05]} gxf5 {[%clk 0:09:54]} 40. gxf5
{[%clk 0:03:09]} Nc7 {[%clk 0:09:43]} 41. Nc2 {[%clk 0:02:11]} b3 {[%clk
0:09:27]} 42. Nd4+ {[%clk 0:02:11]} Kd7 {[%clk 0:08:43]} 43. Ke3 {[%clk 0:01:21]}
c3 {[%clk 0:08:24]} 44. Nxb3 {[%clk 0:01:05]} cxb2 {[%clk 0:08:27]} 45. Nd2
{[%clk 0:01:09]} Nb5 {[%clk 0:08:30]} 46. Nb1 {[%clk 0:01:08]} d4+ {[%clk
0:08:33]} 47. Kd3 {[%clk 0:00:35]} Nc3 {[%clk 0:08:37]} 48. Kc2 {[%clk 0:00:29]}
Nxb1 {[%clk 0:08:30]} 49. Kxb1 {[%clk 0:00:32]} h5 {[%clk 0:08:31]} 50. Kxb2
{[%clk 0:00:34]} h4 {[%clk 0:08:35]} 51. Kb3 {[%clk 0:00:35]} h3 {[%clk 0:08:38]}
52. Kc4 {[%clk 0:00:38]} h2 {[%clk 0:08:41]} 53. Kxd4 {[%clk 0:00:42]} h1Q {[%clk
0:08:43]} 54. f6 {[%clk 0:00:34]} Qf3 {[%clk 0:08:46]} 0-1

[Event "Campeonato de España Rapid 2017"]
[Site "Linares"]
[Date "2017.08.13"]
[Round "7"]
[White "Gonzalez Benavides, Jose Antonio"]
[Black "Senlle Caride, Miguel"]
[Result "0-1"]
[Board "26"]
[WhiteElo "2044"]
[WhiteCountry "ESP"]
[WhiteFideId "2296373"]
[WhiteEloChange "-4"]
[BlackTitle "FM"]
[BlackElo "2298"]
[BlackCountry "ESP"]
[BlackFideId "2282500"]
[BlackEloChange "4"]

1. e4 {[%clk 0:15:07]} e5 {[%clk 0:15:08]} 2. Nf3 {[%clk 0:15:10]} Nc6 {[%clk
0:15:12]} 3. Bb5 {[%clk 0:15:13]} a6 {[%clk 0:15:15]} 4. Ba4 {[%clk 0:15:17]} Nf6
{[%clk 0:15:18]} 5. O-O {[%clk 0:15:20]} b5 {[%clk 0:15:22]} 6. Bb3 {[%clk
0:15:23]} Bc5 {[%clk 0:15:25]} 7. c3 {[%clk 0:15:00]} d6 {[%clk 0:15:29]} 8. d4
{[%clk 0:14:55]} Bb6 {[%clk 0:15:33]} 9. Re1 {[%clk 0:14:53]} O-O {[%clk
0:15:25]} 10. h3 {[%clk 0:14:51]} Bb7 {[%clk 0:14:51]} 11. a4 {[%clk 0:14:47]}
Re8 {[%clk 0:13:15]} 12. d5 {[%clk 0:14:23]} Ne7 {[%clk 0:12:28]} 13. Na3 {[%clk
0:13:06]} Ng6 {[%clk 0:11:46]} 14. Nc2 {[%clk 0:12:35]} Nh5 {[%clk 0:07:50]} 15.
Nb4 {[%clk 0:12:07]} Nhf4 {[%clk 0:07:36]} 16. Nd3 {[%clk 0:12:06]} Qf6 {[%clk
0:07:26]} 17. Nxf4 {[%clk 0:11:55]} Nxf4 {[%clk 0:07:29]} 18. Bxf4 {[%clk
0:11:53]} Qxf4 {[%clk 0:07:29]} 19. Qd2 {[%clk 0:11:51]} Qxd2 {[%clk 0:06:31]}
20. Nxd2 {[%clk 0:11:55]} Rf8 {[%clk 0:06:00]} 21. g3 {[%clk 0:11:00]} g6 {[%clk
0:05:27]} 22. Kg2 {[%clk 0:10:34]} f5 {[%clk 0:05:13]} 23. axb5 {[%clk 0:10:10]}
axb5 {[%clk 0:05:16]} 24. Rxa8 {[%clk 0:10:12]} Rxa8 {[%clk 0:04:50]} 25. f4
{[%clk 0:09:38]} fxe4 {[%clk 0:03:37]} 26. fxe5 {[%clk 0:09:29]} e3 {[%clk
0:03:33]} 27. Nf1 {[%clk 0:09:32]} dxe5 {[%clk 0:03:27]} 28. Nxe3 {[%clk
0:09:35]} Rf8 {[%clk 0:02:49]} 29. Nd1 {[%clk 0:09:00]} Re8 {[%clk 0:02:31]} 30.
Nf2 {[%clk 0:09:03]} Kg7 {[%clk 0:02:20]} 31. Ng4 {[%clk 0:09:05]} e4 {[%clk
0:02:19]} 32. Nf2 {[%clk 0:06:08]} e3 {[%clk 0:02:13]} 33. Nd3 {[%clk 0:06:12]}
c6 {[%clk 0:01:11]} 34. Nf4 {[%clk 0:06:05]} Re5 {[%clk 0:00:33]} 35. Ne6+ {[%clk
0:04:45]} Kf6 {[%clk 0:00:37]} 36. Nd4 {[%clk 0:04:42]} cxd5 {[%clk 0:00:26]} 37.
Bc2 {[%clk 0:03:56]} b4 {[%clk 0:00:15]} 38. Kf3 {[%clk 0:03:51]} Re7 {[%clk
0:00:07]} 39. Rxe3 {[%clk 0:03:47]} bxc3 {[%clk 0:00:10]} 40. bxc3 {[%clk
0:03:45]} Ba5 {[%clk 0:00:06]} 41. Rxe7 {[%clk 0:03:03]} Kxe7 {[%clk 0:00:10]}
42. Ke3 {[%clk 0:01:04]} Bxc3 {[%clk 0:00:14]} 43. Nf3 {[%clk 0:01:04]} Kf6
{[%clk 0:00:16]} 44. h4 {[%clk 0:00:57]} Ba5 {[%clk 0:00:15]} 45. Ng5 {[%clk
0:00:28]} Bb6+ {[%clk 0:00:19]} 46. Kd2 {[%clk 0:00:30]} h6 {[%clk 0:00:18]} 47.
Nh3 {[%clk 0:00:33]} Bc7 {[%clk 0:00:11]} 48. Nf4 {[%clk 0:00:27]} Bxf4+ {[%clk
0:00:09]} 49. gxf4 {[%clk 0:00:31]} Bc8 {[%clk 0:00:14]} 50. Ke3 {[%clk 0:00:31]}
Bf5 {[%clk 0:00:16]} 51. Ba4 {[%clk 0:00:33]} Be4 {[%clk 0:00:15]} 52. Bd7 {[%clk
0:00:32]} Ke7 {[%clk 0:00:20]} 53. Bc8 {[%clk 0:00:29]} Kd6 {[%clk 0:00:22]} 54.
Kd4 {[%clk 0:00:30]} Bf5 {[%clk 0:00:15]} 55. Bb7 {[%clk 0:00:33]} Be6 {[%clk
0:00:19]} 56. Ba6 {[%clk 0:00:34]} Bf7 {[%clk 0:00:13]} 57. Bd3 {[%clk 0:00:25]}
Ke6 {[%clk 0:00:11]} 58. Bc2 {[%clk 0:00:18]} Kf6 {[%clk 0:00:14]} 59. Bd3 {[%clk
0:00:17]} Be6 {[%clk 0:00:12]} 60. Bc2 {[%clk 0:00:19]} Bf5 {[%clk 0:00:07]} 61.
Bb3 {[%clk 0:00:21]} Be4 {[%clk 0:00:10]} 62. Bd1 Kf5 63. Ke3 d4+ 64. Kxd4 Kxf4
0-1